00982nam a22002177a 450000500170000001000150001702000260003203500140005803700090007208200100008124502140009126000480030527000970035330000210045070000380047170000450050970000390055494200240059399900190061795201280063620240508170530.0 aENG-140221 c895.00a9781108444873 aEN-123753 bDBAD a340.5 aThe Indian Legal Profession in the Age of Globalization:bThe Rise of the Corporate Legal Sector and its Impact on Lawyers and Society/cEdited by David B. Wilkins; Vikramaditya S. Khanna [and] David M. Trubek aNew DelhibCambridge University Pressc2017 bNew Delhia314 to 321, 3rd floor, Plot No. 3, Splendor Forum, Jasola District Centree110025 a756p.c23cm(pbk) aEdited by David B. Wilkins964920 aEdited by Vikramaditya S. Khanna964921 aEdited by David M. Trubek 964922 2ddccENh340.5mIND c202290d202290 001040708NFICaAVbAVd2024-04-19eDBADg895.00l0o340.5 INDpEN-123753r2024-04-19 00:00:00t1v895.00w2024-04-19yEN